VYUŽITIE MODELOVANIA V RIADENÍ SPOJENIA

Bibliographic Details
Main Author: Jenčo, Michal, 1956- (Author)
Format: Article
Language:Slovak

MARC

LEADER 00000nab a2200000 a 4500
001 vtls011132160
003 SK-MaSNL
005 20260304022008.0
008 230222|1998 xo |||||||||||||||||slo|
015 |a SNBRB 
035 |a (uuid)22498909-b81e-40cf-9565-4b8eb6fbf73a 
035 |a (urnnbn)urn:nbn:sk:snk:ar-a09mbg 
035 |a urn:nbn:sk:snk-aba9zj 
040 |a SNKBUCL  |b slo  |c SNKBUCL  |e AACR2 
041 0 |a slo 
044 |a xo  |c SK 
100 1 |a Jenčo, Michal,  |d 1956-  |4 aut  |9 251984 
245 1 0 |a VYUŽITIE MODELOVANIA V RIADENÍ SPOJENIA  |c Michal Jenčo 
773 0 |t Zborník Vojenskej akadémie Slovenského národného povstania  |g Roč. 5, č. 2 (1998), s. 111-117 
954 |a odborná, vedecká literatúra pôvodná (slovenská)  |2 lita 
958 |a OND 
958 |a EUIPO 
958 |a article13 
999 |c 2609021  |d 2610951